000 00519nam a2200193Ia 4500
005 20250508154929.0
008 008 250505s9999 xx 000 0 hin d
037 _aTextual
040 _aFEDL
_beng
_cFEDL
041 _ahin
_2eng
084 _a007, KHA
_qFEDL
100 _aKhandelwal Rameshwar Lal
245 0 _aShodh: tattva aur drshti
260 _aGujrat, India
_bSardar Patel University
_c1968
300 _a142p
650 _aResearch
942 _cTEXL
_h007, KHA
999 _c1352922
_d1352922